000 00353nam a2200169Ia 4500
100 _aKeogh/Jim
650 _aJava
250 _a2
942 _cRB
366 _f20
654 _ajava
245 _aComplete Reference J2EE
260 _bTata Mc Graw hill Ltd.
_aNew Delhi
_c2002
082 _a005.133/KEO
_bKEO
300 _a886
546 _aENGLISH
999 _c28994
_d28994